Kuwait-Quiz - Statistiken

Allgemein
  • Dieses Quiz wurde 1.946 mal gespielt
  • Das Durchschnittsergebnis liegt bei 12 aus 18
Antwortstatistiken
Frage Antwort % Korrekt
Amtssprache Arabisch
96%
Nachbarland Saudi Arabien
96%
Staatsreligion Islam
95%
Nachbarland Irak
93%
Hauptstadt Kuwait-Stadt
92%
Hauptexportgut Erdöl
89%
Beliebteste Sportart Fußball
78%
Golf, an dem Kuwait liegt Persischer Golf
78%
Land von dem Kuwait bis 1960 abhängig war Vereinigtes Königreich
69%
Was Frauen in Kuwait seit 2005 besitzen Wahlrecht
69%
Diktator, dessen Truppen 1990 in Kuwait einfielen Saddam Hussein
59%
Mindestens 960'000 Bürger dieses Landes leben in Kuwait Indien
57%
Kuwait war das erste Land, das bei diesem Sport Jockey-Roboter verwendete {Kamel}rennen
52%
Nationalvogel Falke
50%
Titel des Monarchen Kuwaits Emir
47%
Währung Kuwait-Dinar
45%
"W"-Wort, das ein trockenes Flussbett bezeichnet Wadi
33%
Unter den Ländern mit über 1 Million Einwohnern hat Kuwait mit 37.9% den höchsten Anteil an... Fettleibigkeit
11%
Keine übereinstimmenden Quizze gefunden
Verteilung der Resultate
Anzahl Personen mit jedem Resultat
Perzentil nach korrekt beantworteten Fragen
Ihre Resultats-Entwicklung
Sie haben dieses Quiz noch nicht gespielt